| 000 | 00896nam a2200217 i 4500 | ||
|---|---|---|---|
| 001 | 6616 | ||
| 003 | ES-MaACL | ||
| 005 | 20230906145022.0 | ||
| 007 | t| | ||
| 008 | 900118s1988 sp ||||1| spa d | ||
| 020 | _a84-404-2101-X | ||
| 080 | _a902.531(464.1)Archivo de Alcala | ||
| 110 | 2 |
_aArchivo Municipal de Alcalá de Henares. _91460 |
|
| 245 | 1 | 0 |
_aArchivo de Alcala _b: imagen grafica : [exposicion] Alcala de Henares, Casa de la Entrevista, Abril-Mayo, 1988. |
| 260 |
_aAlcalá de Henares : _bFundación Colegio del Rey : _bServicio Municipal de Archivos y Bibliotecas, _c1988. |
||
| 300 |
_a119 p. : _bil. ; _c26 cm. |
||
| 610 | 1 | 7 |
_aArchivo Municipal de Alcalá de Henares- _xCatálogos. _91461 |
| 710 | 2 |
_aFundación Colegio del Rey. _94254 |
|
| 710 | 1 |
_aAlcalá de Henares. _bServicio Municipal de Archivos y Bibliotecas. _91319 |
|
| 852 |
_aES-MaACL _jL-13749 _bR.115839 _z. - rust. |
||
| 999 |
_c6616 _d6616 |
||